| 000 | 00461nam a2200145 a 4500 | ||
|---|---|---|---|
| 005 | 20140310183149.0 | ||
| 008 | 020821s19uu xx 00 eng d | ||
| 050 |
_aHF 1001 _b.N49 2000 |
||
| 245 | _aThe New international webster's pocket business dictionary of the English language. | ||
| 260 |
_a[Naples, Fla.] : _bTrident Press International, _c2000. |
||
| 300 |
_a318 p. : _c18 cm. |
||
| 650 |
_aBusiness _xdictionaries |
||
| 942 |
_cBK _2lcc |
||
| 999 |
_c19624 _d19624 |
||